Central Library OPAC University of Rajshahi

Wordsworth and Coleridge : (Record no. 84750)

MARC details
000 -LEADER
fixed length control field 00998nam a2200289 a 4500
001 - CONTROL NUMBER
control field 84750
003 - CONTROL NUMBER IDENTIFIER
rucl marc code BD-RjUL
005 - DATE AND TIME OF LATEST TRANSACTION
control field 20250305103748.0
008 - FIXED-LENGTH DATA ELEMENTS--GENERAL INFORMATION
fixed length control field 240826s1798 enk ob 001 0 eng
035 ## - SYSTEM CONTROL NUMBER
System control number (BD-RjUL)84750
040 ## - CATALOGING SOURCE
Original cataloging agency BD-RjUL
Language of cataloging eng
Description conventions BD-RjUL
Transcribing agency BD-RjUL
041 ## - LANGUAGE CODE
Language code of text/sound track or separate title eng
082 00 - DEWEY DECIMAL CLASSIFICATION NUMBER
Edition number 22
Classification number 821.708
Author mark and year WOW 1798
100 ## - MAIN ENTRY--PERSONAL NAME
Personal name Wordsworth, William
9 (RLIN) 2783
245 10 - TITLE STATEMENT
Title Wordsworth and Coleridge :
Remainder of title lyrical ballads /
Statement of responsibility, etc. William Wordsworth; Harold Littledale
264 ## - PRODUCTION, PUBLICATION, DISTRIBUTION, MANUFACTURE, AND COPYRIGHT NOTICE
Place of production, publication, distribution, manufacture London :
Name of producer, publisher, distributor, manufacturer J. & A. Arch,
Date of production, publication, distribution, manufacture, or copyright notice 1798
300 ## - PHYSICAL DESCRIPTION
Pagination 252 pages;
Size 17 cm.
336 ## - CONTENT TYPE
Content type term text
Content type code txt
Source rdacontent
337 ## - MEDIA TYPE
Media type term computer
Media type code c
Source rdamedia
338 ## - CARRIER TYPE
Carrier type term online resource
Carrier type code cr
Source rdacarrier
600 10 - SUBJECT ADDED ENTRY--PERSONAL NAME
Personal name Wordsworth, William,
Dates associated with a name 1770-1850.
Title of a work Lyrical ballads.
Personal name Coleridge, Samuel Taylor,
Dates associated with a name 1772-1834
General subdivision Criticism and interpretation.
650 #0 - SUBJECT ADDED ENTRY--TOPICAL TERM
Topical term or geographic name as entry element English poetry
General subdivision History and criticism.
9 (RLIN) 3530
Topical term or geographic name as entry element Romanticism
Geographic subdivision England.
9 (RLIN) 15133
700 ## - ADDED ENTRY--PERSONAL NAME
Personal name Littledale, Harold
942 ## - ADDED ENTRY ELEMENTS (KOHA)
Source of classification or shelving scheme Dewey Decimal Classification
Koha item type Books
Holdings
Lost status Source of classification or shelving scheme Damaged status Not for loan Permanent Location Current Location Shelving location Date acquired Total Checkouts Full call number Date last seen Copy number Koha item type
  Dewey Decimal Classification   Not For Loan Central Library, University of Rajshahi Central Library, University of Rajshahi Reading Room 05/03/2025   821.708 WOW 1798 05/03/2025 C-1 Books